| 000 | 01277nam a2200385 i 4500 | ||
|---|---|---|---|
| 001 | 13855 | ||
| 003 | KOSZ 005 | ||
| 005 | 20210428091159.0 | ||
| 008 | 070608s1971 pl a f f 000 0 pol | ||
| 015 | _aPB 1971/2505 | ||
| 040 |
_aWA N _cWA N _dKOSZ 005/RW |
||
| 080 | _a628.5 | ||
| 080 | _a534.8 | ||
| 080 | _a331.82 | ||
| 100 | 1 |
_aPuzyna, Czesław _d(1920-2003) _eAutor |
|
| 245 | 1 | 0 |
_aZagadnienia akustyczne w zakładach przemysłowych / _cCzesław Puzyna. |
| 250 | _aWydanie 2 poprawione i uzupełnione. | ||
| 260 |
_aWarszawa : _bWydawnictwo Związkowe CRZZ, _c1971. |
||
| 300 |
_a310, [2] stron : _bilustracje ; _c23 cm. |
||
| 336 |
_aTekst _btxt _2rdacontent |
||
| 337 |
_aBez urządzenia pośredniczącego _bn _2rdamedia |
||
| 338 |
_aWolumin _bnc _2rdacarrier |
||
| 380 | _aKsiążki. | ||
| 504 | _aBibliografia na stronach 309-[311]. | ||
| 658 | _aInżynieria i technika | ||
| 658 | _aMedycyna i zdrowie | ||
| 650 | 4 | _aZwalczanie | |
| 650 | 4 | _aPomiary | |
| 650 | 4 | _aPrzemysł | |
| 650 | 4 | _aHałas | |
| 650 | 4 | _aBHP | |
| 710 | 2 |
_aWydawnictwo Związkowe CRZZ _4pbl. |
|
| 856 |
_uhttp://koha.tu.koszalin.pl/cgi-bin/koha/opac-detail.pl?biblionumber=13855 _yKatalog online BPK |
||
| 942 |
_2UKD _cKS |
||
| 999 |
_c13855 _d13855 |
||